Cuentos escritos en el exilio (Record no. 3784)

MARC details
000 -LEADER
campo de control de longitud fija 00702nam a22002177a 4500
001 - NÚMERO DE CONTROL
campo de control 15049
005 - FECHA Y HORA DE LA ÚLTIMA TRANSACCIÓN
campo de control 20250522045648.0
008 - DATOS DE LONGITUD FIJA--INFORMACIÓN GENERAL
campo de control de longitud fija 5230202009 dr
020 ## - NÚMERO INTERNACIONAL ESTÁNDAR DEL LIBRO
Número Internacional Estándar del Libro 978-9945-406-89-4
082 ## - NÚMERO DE LA CLASIFICACIÓN DECIMAL DEWEY
Número de clasificación RD 863.44B6504c
100 ## - ENTRADA PRINCIPAL--NOMBRE DE PERSONA
Nombre de persona Bosch Gaviño, Juan Emilio, (1909-2001).
245 ## - MENCIÓN DEL TÍTULO
Título Cuentos escritos en el exilio
Mención de responsabilidad, etc. Juan Bosch;
-- Editor Tomán Castro Burdiez.
260 ## - PUBLICACIÓN, DISTRIBUCIÓN, ETC.
Lugar de publicación, distribución, etc. República Dominicana,
Nombre del editor, distribuidor, etc. Editora Alfa & Omega
Fecha de publicación, distribución, etc. 2009
300 ## - DESCRIPCIÓN FÍSICA
Extensión 247 p. ;
Dimensiones 23 cm.
490 ## - MENCIÓN DE SERIE
Mención de serie Colección Centenario ;
Designación de volumen o secuencia Serie Literatura 2.
650 ## - PUNTO DE ACCESO ADICIONAL DE MATERIA--TÉRMINO DE MATERIA
Término de materia o nombre geográfico como elemento de entrada 1.Cuentos Dominicanos
650 ## - PUNTO DE ACCESO ADICIONAL DE MATERIA--TÉRMINO DE MATERIA
Término de materia o nombre geográfico como elemento de entrada 2.Literatura Dominicana
700 ## - ENTRADA AGREGADA--NOMBRE PERSONAL
Nombre de persona I.Castro Burdiez, Tomás, edt.
700 ## - ENTRADA AGREGADA--NOMBRE PERSONAL
Nombre de persona II.Tít
700 ## - ENTRADA AGREGADA--NOMBRE PERSONAL
Nombre de persona III.Serie
Holdings
Estatus retirado Estado de pérdida Estado de daño No para préstamo Colección Biblioteca de origen Biblioteca actual Fecha de adquisición Total de préstamos Signatura topográfica completa Código de barras Visto por última vez Copia número Precio de reemplazo Tipo de ítem Koha
        Acervo general de Libros Biblioteca Central Mons. Favio M. Rivas S. Biblioteca Central Mons. Favio M. Rivas S. 20/06/2017   RD 863.44B6504c 000000005688 23/05/2025 1 23/05/2025 Libros
        Acervo general de Libros Biblioteca Central Mons. Favio M. Rivas S. Biblioteca Central Mons. Favio M. Rivas S. 20/06/2017   RD 863.44B6504c 000000005689 02/10/2025 2 23/05/2025 Libros